| 000 | 00704nam a2200229Ia 4500 | ||
|---|---|---|---|
| 003 | OSt | ||
| 005 | 20251206130414.0 | ||
| 008 | 210716s1998 xx 000 0 und d | ||
| 020 | _a817656026X | ||
| 040 | _cAIMIT LIBRARY | ||
| 041 | _aeng | ||
| 082 |
_a006.37 _21 _bBROS |
||
| 100 |
_aBrown, Steve. _9248160 |
||
| 245 |
_aVisual basic 6 : _bin record time / _cBy Steve Brown. |
||
| 250 | _a1st ed. | ||
| 260 |
_aNew Delhi : _bBPB Publications , _c1998. |
||
| 300 |
_axxvii,659,16p. ; _bPB _c24 cm |
||
| 650 |
_aSelecting and using controls _9248161 |
||
| 650 |
_aCreating and using menus and toolbare _9248162 |
||
| 650 |
_aStoring and retrieving data _9248163 |
||
| 942 |
_2ddc _cBK _e1st _k006.37 BROS |
||
| 999 |
_c183324 _d183324 |
||